000
00259 a2200109 4500
082
_a
005.133 KAN
100
_a
Kanetkar, Yashavant P.
245
_a
Let us C /
_c
Yashavant P. Kanetkar.
250
_a
8th ed.
260
_c
2007.
300
_a
24 cm.
650
_a
C (Computer program language)
999
_c
141
_d
141